000 00352nam a2200157Ia 4500
100 _aCunningham/D.R.
650 _aElectrical Engineering
942 _cRB
654 _acircuit Analysis
245 _aBasic circuit Analysis
260 _bJaico Pub
_aBombay
_c1993
082 _a621.38132
_bPAN
300 _a881
546 _aENGLISH
999 _c33169
_d33169